000 00528nam a22001937a 4500
003 OSt
005 20260223152342.0
008 251215b |||||||| |||| 00| 0 eng d
020 _a9780273701958
040 _cOutspan Global University
050 _aHB135
_b.J33 2006
100 _aJacques, Ian
_eAuthor
245 _aMathematics For Economics And Business
_cby Jacques Ian
250 _a5th ed
260 _aSpain:
_bPearson Education Ltd,
_cc2006.
300 _a683p
700 _aJacques, Ian
_eAuthor
942 _2lcc
_cBK
_n0
999 _c3450
_d3450